Normal view MARC view
  • Estados Unidos

Entry Nombre Geográfico

Number of records used in: 3

001 - NÚMERO DE CONTROL

  • campo de control: 23747

003 - IDENTIFICADOR DE NUMERO DE CONTROL

  • campo de control: MX-MxUPN

005 - FECHA Y HORA DE LA ÜLTIMA TRANSACCIÓN

  • campo de control: 20240918130634.0

008 - DATOS DE LONGITUD FIJA

  • campo de control de longitud fija: 240918n| fcnnnbabn | ana |d

035 ## - NÚMERO DE CONTROL

  • Número de control: UPN10000023756

040 ## - FUENTE DE CATALOGACIÓN

  • Agencia de catalogación original: MX-MxUPN
  • Lenguaje de catalogación: spa
  • Agencia de transcripción: MX-MxUPN

151 ## - ENCABEZAMIENTO - NOMBRE GEOGRÁFICO

  • Nombre geográfico: Estados Unidos
  • Subdivisión general : Condiciones económicas
  • Subdivisión cronológica : 1981-

670 ## - FUENTE EN LA QUE SE LOCALIZARON DATOS

  • Cita de la fuente: LC
  • Información localizada: United States - Economic conditions - 1971-1981

902 ## - CATALOGADOR

  • Catalogador: MEEG/090500